El infinito en un junco La invención de los libros en el mundo antiguo
Guardat en:
| Autor principal: | |
|---|---|
| Format: | Desconegut |
| Idioma: | anglès |
| Publicat: |
Ciudad de Buenos Aires, Argentina:
Siruela / Grupal,
2020
|
| Edició: | Primera edición en la Argentina |
| Col·lecció: | Biblioteca de Ensayo,
105; (Serie Mayor) |
| Matèries: | |
| Etiquetes: |
Afegir etiqueta
Sense etiquetes, Sigues el primer a etiquetar aquest registre!
|
MARC
| LEADER | 00000 a2200000 4500 | ||
|---|---|---|---|
| 003 | CL-VaPUC | ||
| 005 | 20220527115909.0 | ||
| 008 | 220509b2020 ||||| |||| 00| 0 eng d | ||
| 999 | |c 435533 |d 435531 | ||
| 020 | |a 978-987-3797-48-4 | ||
| 040 | |c Pontificia Universidad Católica de Valparaíso | ||
| 082 | 7 | |a 002.0901 VAL 2020 |2 22 | |
| 100 | |a Vallejo, I. |9 860770 |e autora | ||
| 245 | |a El infinito en un junco |b La invención de los libros en el mundo antiguo | ||
| 250 | |a Primera edición en la Argentina | ||
| 260 | |a Ciudad de Buenos Aires, Argentina: |b Siruela / Grupal, |c 2020 | ||
| 300 | |a 449 páginas | ||
| 490 | |a Biblioteca de Ensayo, |v 105; | ||
| 490 | |a (Serie Mayor) | ||
| 583 | |k Cristina María Rojas Aguilar |c 20220509 | ||
| 650 | |a Libro |x Historia |x Mundo antiguo |9 869413 | ||
| 942 | |2 ddc |c BK | ||
| 952 | |0 0 |1 0 |2 ddc |4 0 |6 002_090100000000000_VAL_2020 |7 0 |8 A |9 583132 |a BIBARQ |b BIBARQ |c GEN |d 2022-05-18 |e 3 |g 19910.00 |i 5651292 |l 3 |m 1 |o 002.0901 VAL 2020 |p 5651292 |r 2025-01-20 |s 2024-09-23 |t 1 |v 19910.00 |w 2022-05-18 |y BK |k ARQ | ||